[Event "Open International Graz"]
[Date "2026.02.14"]
[White "Pranav Anand"]
[Black "Panda, Barnabas"]
[WhiteElo "2606"]
[BlackElo "2193"]
[Round "1.1.1"]
[Result "1-0"]

e4 {[%clk 1:30:57]} e6 {[%clk 1:30:46]} d4 {[%clk 1:31:21]} d5 {[%clk 1:31:08]}
e5 {[%clk 1:31:46]} c5 {[%clk 1:31:29]} c3 {[%clk 1:32:11]} Nc6 {[%clk 1:31:51]}
Nf3 {[%clk 1:32:35]} Qb6 {[%clk 1:32:11]} a3 {[%clk 1:32:55]} Nh6 {[%clk
1:32:32]} Bd3 {[%clk 1:32:27]} cxd4 {[%clk 1:32:25]} O-O {[%clk 1:32:43]} Bd7
{[%clk 1:32:46]} b4 {[%clk 1:33:09]} Rc8 {[%clk 1:27:31]} Ra2 {[%clk 1:33:02]}
Nf5 {[%clk 1:09:28]} Rc2 {[%clk 1:26:12]} Be7 {[%clk 0:59:31]} Bb2 {[%clk
1:26:13]} O-O {[%clk 0:57:20]} cxd4 {[%clk 1:26:33]} h5 {[%clk 0:40:08]} Re1
{[%clk 1:09:59]} a5 {[%clk 0:33:53]} b5 {[%clk 1:09:17]} Na7 {[%clk 0:34:01]} a4
{[%clk 1:09:24]} Rxc2 {[%clk 0:33:28]} Bxc2 {[%clk 1:08:48]} Rc8 {[%clk
0:31:30]} h3 {[%clk 1:07:22]} Bb4 {[%clk 0:28:53]} Rf1 {[%clk 1:06:50]} Qd8
{[%clk 0:28:25]} Bd3 {[%clk 1:04:52]} Ra8 {[%clk 0:15:04]} Nc3 {[%clk 1:03:56]}
Nc8 {[%clk 0:12:23]} Bxf5 {[%clk 1:02:42]} Bxc3 {[%clk 0:11:54]} Bh7+ {[%clk
1:03:07]} Kxh7 {[%clk 0:12:03]} Bxc3 {[%clk 1:03:33]} Nb6 {[%clk 0:08:00]} Bd2
{[%clk 1:02:53]} g6 {[%clk 0:05:30]} g4 {[%clk 1:00:55]} hxg4 {[%clk 0:03:08]}
hxg4 {[%clk 1:00:41]} Qf8 {[%clk 0:01:44]} Bg5 {[%clk 1:00:42]} Be8 {[%clk
0:01:33]} Kg2 {[%clk 1:01:04]} Nd7 {[%clk 0:00:58]} Rh1+ {[%clk 1:01:27]} Kg8
{[%clk 0:01:18]} Bf6 {[%clk 1:01:39]} Nxf6 {[%clk 0:01:36]} exf6 {[%clk
1:02:04]} Rc8 {[%clk 0:00:54]} Rh4 {[%clk 1:02:18]}

[Variant "Standard"]
[Site "Europe Echecs"]

[Event "Open International Graz"]
[Date "2026.02.14"]
[White "Campos, Maria Jose"]
[Black "Socko, Bartosz"]
[WhiteElo "2192"]
[BlackElo "2580"]
[Round "1.1.2"]
[Result "0-1"]

c4 {[%clk 1:30:42]} e5 {[%clk 1:30:51]} Nc3 {[%clk 1:31:02]} d6 {[%clk 1:31:13]}
g3 {[%clk 1:31:01]} f5 {[%clk 1:31:36]} Bg2 {[%clk 1:30:41]} Nf6 {[%clk
1:31:58]} Nf3 {[%clk 1:29:24]} Be7 {[%clk 1:31:15]} O-O {[%clk 1:27:53]} O-O
{[%clk 1:31:38]} b4 {[%clk 1:21:53]} Qe8 {[%clk 1:27:52]} d3 {[%clk 1:18:12]}
Qh5 {[%clk 1:27:10]} Nd2 {[%clk 1:08:59]} c6 {[%clk 1:23:18]} e3 {[%clk
1:03:55]} Qxd1 {[%clk 1:21:12]} Rxd1 {[%clk 1:03:50]} Be6 {[%clk 1:21:33]} Bb2
{[%clk 0:59:26]} Nbd7 {[%clk 1:19:30]} Rac1 {[%clk 0:50:36]} Rac8 {[%clk
1:17:22]} Nb3 {[%clk 0:44:16]} d5 {[%clk 1:07:55]} cxd5 {[%clk 0:42:06]} cxd5
{[%clk 1:05:46]} d4 {[%clk 0:41:43]} e4 {[%clk 0:58:18]} a3 {[%clk 0:40:06]} Bf7
{[%clk 0:56:02]} Nc5 {[%clk 0:32:25]} Nb6 {[%clk 0:54:59]} Bf1 {[%clk 0:31:12]}
Rb8 {[%clk 0:55:24]} Nb1 {[%clk 0:24:52]} Ne8 {[%clk 0:49:31]} Nd2 {[%clk
0:21:00]} Nd6 {[%clk 0:49:33]} Bc3 {[%clk 0:17:56]} Be8 {[%clk 0:45:46]} Ba1
{[%clk 0:14:57]} a6 {[%clk 0:43:13]} h4 {[%clk 0:10:59]} Bb5 {[%clk 0:41:46]}
Ndb3 {[%clk 0:09:00]} Bxf1 {[%clk 0:39:35]} Kxf1 {[%clk 0:09:12]} Kf7 {[%clk
0:39:38]} a4 {[%clk 0:07:48]} Rfd8 {[%clk 0:38:10]} Bc3 {[%clk 0:07:55]} Nbc4
{[%clk 0:38:02]} Ke2 {[%clk 0:07:15]} Ra8 {[%clk 0:37:37]} Nd2 {[%clk 0:05:58]}
b6 {[%clk 0:37:17]} Ncb3 {[%clk 0:06:19]} Rdc8 {[%clk 0:37:13]} Nb1 {[%clk
0:03:03]} Rc7 {[%clk 0:36:28]} Be1 {[%clk 0:03:05]} Rac8 {[%clk 0:36:48]} Rc2
{[%clk 0:02:54]} Ne8 {[%clk 0:34:41]} Rdc1 {[%clk 0:03:06]} Ke6 {[%clk 0:34:11]}
Kd1 {[%clk 0:02:58]} h6 {[%clk 0:33:06]} Ke2 {[%clk 0:03:22]} g5 {[%clk
0:31:38]} hxg5 {[%clk 0:03:50]} hxg5 {[%clk 0:31:59]} Kd1 {[%clk 0:03:28]} Bd6
{[%clk 0:32:12]} a5 {[%clk 0:00:45]} bxa5 {[%clk 0:32:36]} Nc5+ {[%clk 0:00:38]}
Bxc5 {[%clk 0:29:14]} bxc5 {[%clk 0:01:01]} Rb7 {[%clk 0:29:33]} Bc3 {[%clk
0:00:39]} Rh7 {[%clk 0:27:10]} Nd2 {[%clk 0:00:34]} Na3 {[%clk 0:27:01]} Bxa5
{[%clk 0:11:11]} Nxc2 {[%clk 0:41:18]} Rxc2 {[%clk 0:11:34]} Rh1+ {[%clk
0:39:27]} Ke2 {[%clk 0:11:50]} Nd6 {[%clk 0:38:37]} Rb2 {[%clk 0:08:39]} Nb5
{[%clk 0:38:40]} Nb3 {[%clk 0:08:26]} Kd7 {[%clk 0:33:29]} Be1 {[%clk 0:05:37]}
Rb8 {[%clk 0:31:21]} Bb4 {[%clk 0:02:05]} Na7 {[%clk 0:30:20]} Ba5 {[%clk
0:00:59]} Rb5 {[%clk 0:30:17]} Kd2 {[%clk 0:00:00]}

[Variant "Standard"]
[Site "Europe Echecs"]

[Event "Open International Graz"]
[Date "2026.02.14"]
[White "Raja Rithvik R"]
[Black "Moskalets, Sofiia"]
[WhiteElo "2535"]
[BlackElo "2192"]
[Round "1.1.3"]
[Result "1/2-1/2"]

d4 {[%clk 1:30:52]} d5 {[%clk 1:30:46]} c4 {[%clk 1:31:15]} e6 {[%clk 1:31:11]}
Nf3 {[%clk 1:31:31]} c5 {[%clk 1:31:24]} cxd5 {[%clk 1:31:23]} exd5 {[%clk
1:31:47]} g3 {[%clk 1:31:45]} Nc6 {[%clk 1:32:02]} Bg2 {[%clk 1:31:47]} Nf6
{[%clk 1:32:22]} O-O {[%clk 1:31:44]} Be7 {[%clk 1:32:41]} dxc5 {[%clk 1:31:47]}
Bxc5 {[%clk 1:33:04]} a3 {[%clk 1:32:05]} a6 {[%clk 1:29:37]} b4 {[%clk
1:29:55]} Ba7 {[%clk 1:29:33]} Bb2 {[%clk 1:29:34]} O-O {[%clk 1:28:02]} Nc3
{[%clk 1:26:29]} Bg4 {[%clk 1:18:22]} h3 {[%clk 1:14:39]} Be6 {[%clk 1:18:30]}
Rc1 {[%clk 1:08:48]} Qd7 {[%clk 1:06:09]} Kh2 {[%clk 1:04:40]} Rad8 {[%clk
1:05:18]} Na4 {[%clk 1:03:29]} Ne4 {[%clk 1:02:07]} e3 {[%clk 1:03:53]} Rfe8
{[%clk 0:50:19]} Nd2 {[%clk 0:49:42]} Bf5 {[%clk 0:43:45]} Nxe4 {[%clk 0:41:54]}
Bxe4 {[%clk 0:43:07]} Nc5 {[%clk 0:38:31]} Bxc5 {[%clk 0:39:42]} Rxc5 {[%clk
0:38:56]} Bxg2 {[%clk 0:39:04]} Kxg2 {[%clk 0:39:21]} Qe6 {[%clk 0:28:12]} Qf3
{[%clk 0:34:59]} Rd7 {[%clk 0:26:20]} Rd1 {[%clk 0:33:35]} Red8 {[%clk 0:25:56]}
Qg4 {[%clk 0:26:24]} Qe4+ {[%clk 0:22:55]} Qxe4 {[%clk 0:17:38]} dxe4 {[%clk
0:23:20]} Rxd7 {[%clk 0:18:00]} Rxd7 {[%clk 0:23:45]} Rg5 {[%clk 0:13:44]} g6
{[%clk 0:23:00]} b5 {[%clk 0:14:03]} axb5 {[%clk 0:18:56]} Rxb5 {[%clk 0:14:27]}
f5 {[%clk 0:17:02]} g4 {[%clk 0:14:51]} Ne7 {[%clk 0:16:00]} Kg3 {[%clk
0:13:17]} Nd5 {[%clk 0:15:20]} Ra5 {[%clk 0:11:47]} Kf7 {[%clk 0:13:19]} Bd4
{[%clk 0:10:31]} Ke6 {[%clk 0:10:47]} Ra8 {[%clk 0:10:45]} Nc7 {[%clk 0:08:43]}
Rf8 {[%clk 0:07:53]} Rf7 {[%clk 0:07:15]} gxf5+ {[%clk 0:05:31]} Rxf5 {[%clk
0:06:32]} Rb8 {[%clk 0:04:15]} Nb5 {[%clk 0:03:54]} Rxb7 {[%clk 0:00:41]} Nxd4
{[%clk 0:03:44]} exd4 {[%clk 0:01:06]} Rf3+ {[%clk 0:03:25]} Kg2 {[%clk
0:01:32]} Rxa3 {[%clk 0:03:14]} Rxh7 {[%clk 0:00:58]} Rd3 {[%clk 0:01:50]} Rg7
{[%clk 0:01:24]} Kf6 {[%clk 0:14:53]} Rd7 {[%clk 0:16:48]} e3 {[%clk 0:12:25]}
fxe3 {[%clk 0:16:07]} Rxe3 {[%clk 0:12:49]} Rd8 {[%clk 0:15:10]} Rd3 {[%clk
0:13:01]} d5 {[%clk 0:14:25]} Ke7 {[%clk 0:13:03]}

[Variant "Standard"]
[Site "Europe Echecs"]

[Event "Open International Graz"]
[Date "2026.02.14"]
[White "Mizzi, Jack"]
[Black "Klimkowski, Jan"]
[WhiteElo "2191"]
[BlackElo "2532"]
[Round "1.1.4"]
[Result "0-1"]

d4 {[%clk 1:30:52]} Nf6 {[%clk 1:30:47]} c4 {[%clk 1:31:04]} e6 {[%clk 1:31:07]}
Nf3 {[%clk 1:30:50]} d5 {[%clk 1:31:26]} g3 {[%clk 1:29:09]} dxc4 {[%clk
1:30:59]} Bg2 {[%clk 1:29:16]} Bb4+ {[%clk 1:30:46]} Bd2 {[%clk 1:27:22]} a5
{[%clk 1:30:32]} O-O {[%clk 1:23:26]} O-O {[%clk 1:29:45]} Nc3 {[%clk 1:15:09]}
Nc6 {[%clk 1:25:17]} Nb5 {[%clk 1:08:36]} Na7 {[%clk 1:09:27]} Nxa7 {[%clk
1:03:31]} Rxa7 {[%clk 1:09:52]} Bxb4 {[%clk 1:03:52]} axb4 {[%clk 1:10:15]} Ne5
{[%clk 1:03:41]} c3 {[%clk 0:59:37]} bxc3 {[%clk 1:02:03]} bxc3 {[%clk 0:59:50]}
Qd3 {[%clk 1:01:08]} Ra4 {[%clk 0:58:57]} e3 {[%clk 0:55:30]} Nd5 {[%clk
0:57:42]} Qc2 {[%clk 0:51:44]} Ra3 {[%clk 0:51:28]} Nc4 {[%clk 0:46:21]} Ra6
{[%clk 0:48:13]} e4 {[%clk 0:43:48]} Nb6 {[%clk 0:41:52]} Nxb6 {[%clk 0:41:13]}
Rxb6 {[%clk 0:39:31]} Qxc3 {[%clk 0:40:24]} Rc6 {[%clk 0:39:25]} Qe3 {[%clk
0:37:42]} Rd6 {[%clk 0:38:15]} Rfd1 {[%clk 0:34:22]} c5 {[%clk 0:35:28]} d5
{[%clk 0:33:46]} b6 {[%clk 0:35:22]} a4 {[%clk 0:28:52]} exd5 {[%clk 0:34:40]}
exd5 {[%clk 0:27:10]} Qc7 {[%clk 0:31:29]} Qf4 {[%clk 0:22:55]} Bb7 {[%clk
0:26:54]} Rab1 {[%clk 0:21:44]} Rfd8 {[%clk 0:25:39]} Re1 {[%clk 0:19:47]} h6
{[%clk 0:24:02]} Re5 {[%clk 0:18:09]} Qd7 {[%clk 0:16:34]} Rbe1 {[%clk 0:16:16]}
g5 {[%clk 0:15:54]} Qe3 {[%clk 0:13:37]} Bxd5 {[%clk 0:15:35]} Re7 {[%clk
0:12:09]} Qf5 {[%clk 0:13:16]} Re5 {[%clk 0:06:21]} Qf6 {[%clk 0:13:04]} Bh3
{[%clk 0:05:56]} Qf3 {[%clk 0:11:49]} Qxf3 {[%clk 0:03:02]} Bxf3 {[%clk
0:12:17]} Bg2 {[%clk 0:02:27]} Bd1 {[%clk 0:11:10]} a5 {[%clk 0:01:10]} bxa5
{[%clk 0:11:35]} Rxc5 {[%clk 0:01:35]} a4 {[%clk 0:11:58]} Ra5 {[%clk 0:01:35]}
Bb3 {[%clk 0:12:19]} Bf3 {[%clk 0:00:38]} Rf6 {[%clk 0:07:16]} Kg2 {[%clk
0:12:45]} Rd3 {[%clk 0:21:49]} Bh5 {[%clk 0:07:36]} Kg7 {[%clk 0:19:20]} Kg1
{[%clk 0:05:26]} Rd2 {[%clk 0:15:52]} Re2 {[%clk 0:04:29]} Rd1+ {[%clk 0:15:51]}
Kg2 {[%clk 0:04:56]} Rd3 {[%clk 0:15:57]} Ree5 {[%clk 0:04:37]} Rd2 {[%clk
0:14:10]} Re2 {[%clk 0:04:38]} Bd5+ {[%clk 0:13:25]} Kh3 {[%clk 0:03:32]} Rxe2
{[%clk 0:13:48]} Bxe2 {[%clk 0:03:56]} Rxf2 {[%clk 0:14:14]}

[Variant "Standard"]
[Site "Europe Echecs"]

[Event "Open International Graz"]
[Date "2026.02.14"]
[White "Chasin, Nico"]
[Black "Maglioni, Leonardo"]
[WhiteElo "2523"]
[BlackElo "2135"]
[Round "1.1.5"]
[Result "1-0"]

d4 {[%clk 1:22:22]} Nf6 {[%clk 1:30:33]} c4 {[%clk 1:22:47]} g6 {[%clk 1:30:51]}
Nf3 {[%clk 1:23:11]} Bg7 {[%clk 1:31:02]} g3 {[%clk 1:23:36]} O-O {[%clk
1:31:20]} Bg2 {[%clk 1:24:01]} d5 {[%clk 1:30:33]} cxd5 {[%clk 1:23:28]} Nxd5
{[%clk 1:30:55]} O-O {[%clk 1:23:49]} Nb6 {[%clk 1:30:45]} Nc3 {[%clk 1:23:30]}
Nc6 {[%clk 1:28:58]} e3 {[%clk 1:23:57]} Re8 {[%clk 1:24:58]} Re1 {[%clk
1:20:46]} a5 {[%clk 1:18:26]} Nh4 {[%clk 1:09:51]} e5 {[%clk 1:11:38]} d5 {[%clk
1:10:07]} Nb4 {[%clk 1:10:28]} e4 {[%clk 1:04:08]} Na6 {[%clk 1:05:01]} b3
{[%clk 1:03:32]} Nc5 {[%clk 1:03:48]} Be3 {[%clk 0:58:08]} Bf8 {[%clk 1:00:39]}
Qc2 {[%clk 0:56:33]} Nbd7 {[%clk 0:50:32]} a3 {[%clk 0:52:08]} c6 {[%clk
0:47:48]} b4 {[%clk 0:50:06]} axb4 {[%clk 0:46:51]} axb4 {[%clk 0:50:29]} Rxa1
{[%clk 0:47:16]} Rxa1 {[%clk 0:50:53]} Na6 {[%clk 0:47:38]} Rxa6 {[%clk
0:49:13]} bxa6 {[%clk 0:24:10]} dxc6 {[%clk 0:49:38]} Nb6 {[%clk 0:24:34]} Qb3
{[%clk 0:36:43]} Re6 {[%clk 0:13:11]} b5 {[%clk 0:37:12]} Rd6 {[%clk 0:13:11]}
Nd5 {[%clk 0:34:17]} Be6 {[%clk 0:10:43]} Bxb6 {[%clk 0:33:42]} Qxb6 {[%clk
0:10:54]} Nxb6 {[%clk 0:33:56]} Bxb3 {[%clk 0:11:19]} bxa6 {[%clk 0:34:04]} Bc4
{[%clk 0:07:23]} Nxc4 {[%clk 0:33:04]} Rxc6 {[%clk 0:07:52]} Nxe5 {[%clk
0:33:25]} Rxa6 {[%clk 0:08:20]} Bf1 {[%clk 0:32:31]} Ra1 {[%clk 0:07:35]} Kg2
{[%clk 0:32:50]} Bd6 {[%clk 0:07:29]} Nd3 {[%clk 0:31:42]} f6 {[%clk 0:06:19]}
Be2 {[%clk 0:31:37]} Ra2 {[%clk 0:06:19]} Kf3 {[%clk 0:31:48]} Kg7 {[%clk
0:06:25]} Ke3 {[%clk 0:31:36]} Ra3 {[%clk 0:05:49]} f4 {[%clk 0:31:37]} Bc5+
{[%clk 0:05:28]} Kf3 {[%clk 0:32:06]} Bd4 {[%clk 0:05:02]} Ng2 {[%clk 0:32:29]}
Kf7 {[%clk 0:04:13]} Ne3 {[%clk 0:32:50]} Bc3 {[%clk 0:03:04]} h4 {[%clk
0:32:19]} Ra1 {[%clk 0:03:09]} g4 {[%clk 0:29:25]} Rh1 {[%clk 0:01:46]} Kg3
{[%clk 0:23:46]} Rg1+ {[%clk 0:12:43]} Kf2 {[%clk 0:37:52]} Rh1 {[%clk 0:12:54]}
Kg2 {[%clk 0:36:34]} Rxh4 {[%clk 0:10:52]} Bf3 {[%clk 0:35:54]} Bd2 {[%clk
0:07:28]} Kg3 {[%clk 0:36:05]} Rh6 {[%clk 0:06:52]} Nc4 {[%clk 0:36:18]} Bc3
{[%clk 0:07:04]} g5 {[%clk 0:36:42]} fxg5 {[%clk 0:07:01]} fxg5 {[%clk 0:37:05]}

[Variant "Standard"]
[Site "Europe Echecs"]

[Event "Open International Graz"]
[Date "2026.02.14"]
[White "Lalit Babu M R"]
[Black "Turel, Tugrul"]
[WhiteElo "2511"]
[BlackElo "2190"]
[Round "1.1.6"]
[Result "1-0"]

d4 {[%clk 1:30:57]} d5 {[%clk 1:30:51]} Nf3 {[%clk 1:31:11]} Nf6 {[%clk
1:31:12]} c4 {[%clk 1:31:36]} c6 {[%clk 1:31:36]} Nc3 {[%clk 1:32:00]} e6 {[%clk
1:31:59]} e3 {[%clk 1:32:25]} Nbd7 {[%clk 1:31:53]} Be2 {[%clk 1:32:38]} Be7
{[%clk 1:30:38]} O-O {[%clk 1:32:16]} O-O {[%clk 1:30:59]} Qc2 {[%clk 1:29:38]}
dxc4 {[%clk 1:28:03]} Bxc4 {[%clk 1:24:41]} b5 {[%clk 1:28:25]} Bd3 {[%clk
1:25:07]} Bb7 {[%clk 1:28:38]} e4 {[%clk 1:23:55]} h6 {[%clk 1:25:16]} e5 {[%clk
1:22:31]} Nd5 {[%clk 1:25:35]} Qe2 {[%clk 1:20:49]} b4 {[%clk 1:15:55]} Na4
{[%clk 1:13:19]} Qa5 {[%clk 1:03:17]} Qe4 {[%clk 1:09:48]} g6 {[%clk 1:03:01]}
Bc2 {[%clk 0:53:17]} Kg7 {[%clk 1:01:10]} h4 {[%clk 0:50:19]} h5 {[%clk
0:55:40]} Ng5 {[%clk 0:35:59]} Bxg5 {[%clk 0:52:50]} Bxg5 {[%clk 0:36:25]} c5
{[%clk 0:48:39]} Nxc5 {[%clk 0:32:13]} Nxc5 {[%clk 0:48:38]} dxc5 {[%clk
0:32:38]} Qxc5 {[%clk 0:48:21]} Rad1 {[%clk 0:31:57]} Rab8 {[%clk 0:38:47]} Qe2
{[%clk 0:27:54]} Rfc8 {[%clk 0:38:27]} Be4 {[%clk 0:24:10]} Qc7 {[%clk 0:34:25]}
Bd3 {[%clk 0:22:48]} Qc6 {[%clk 0:32:02]} Qf3 {[%clk 0:22:36]} Kg8 {[%clk
0:27:23]} Be4 {[%clk 0:21:10]} Qe8 {[%clk 0:25:48]} Rd4 {[%clk 0:20:14]} Qf8
{[%clk 0:24:54]} g4 {[%clk 0:17:59]} hxg4 {[%clk 0:25:16]} Qxg4 {[%clk 0:18:27]}
Qg7 {[%clk 0:25:32]} Qg3 {[%clk 0:18:30]} Rc5 {[%clk 0:20:27]} Bf3 {[%clk
0:14:09]} Rbc8 {[%clk 0:19:47]} Kh2 {[%clk 0:12:37]} Rc2 {[%clk 0:18:16]} h5
{[%clk 0:13:05]} gxh5 {[%clk 0:15:27]} Rg1 {[%clk 0:13:15]} Rxb2 {[%clk
0:13:53]} Qh4 {[%clk 0:07:47]} Rc3 {[%clk 0:09:38]} Bxd5 {[%clk 0:07:32]} Bxd5
{[%clk 0:09:56]} Rxd5 {[%clk 0:07:59]} exd5 {[%clk 0:09:23]} Bf6 {[%clk
0:08:24]} Qxg1+ {[%clk 0:06:23]} Kxg1 {[%clk 0:08:50]} Rc1+ {[%clk 0:05:48]} Kg2
{[%clk 0:09:13]} Rcc2 {[%clk 0:06:12]} Qg5+ {[%clk 0:09:14]} Kf8 {[%clk
0:06:36]} Qg7+ {[%clk 0:09:16]} Ke8 {[%clk 0:07:04]} Bh4 {[%clk 0:09:04]}

[Variant "Standard"]
[Site "Europe Echecs"]

[Event "Open International Graz"]
[Date "2026.02.14"]
[White "Meszaros, Casey Ryan"]
[Black "Deuer, Marius"]
[WhiteElo "2188"]
[BlackElo "2502"]
[Round "1.1.7"]
[Result "1/2-1/2"]

Nf3 {[%clk 1:30:50]} Nf6 {[%clk 1:30:10]} c4 {[%clk 1:31:05]} c5 {[%clk
1:30:02]} e3 {[%clk 1:31:17]} Nc6 {[%clk 1:30:21]} Nc3 {[%clk 1:31:18]} a6
{[%clk 1:29:36]} Be2 {[%clk 1:28:41]} g6 {[%clk 1:26:48]} O-O {[%clk 1:26:42]}
Bg7 {[%clk 1:27:04]} d4 {[%clk 1:24:13]} cxd4 {[%clk 1:27:21]} exd4 {[%clk
1:24:03]} d5 {[%clk 1:27:33]} Bg5 {[%clk 1:20:46]} Be6 {[%clk 1:18:14]} Ne5
{[%clk 1:09:11]} Rc8 {[%clk 1:05:05]} Nxc6 {[%clk 1:03:01]} bxc6 {[%clk
1:03:38]} cxd5 {[%clk 0:58:11]} Nxd5 {[%clk 1:03:56]} Bxa6 {[%clk 0:55:49]} Rb8
{[%clk 1:04:20]} Na4 {[%clk 0:25:40]} O-O {[%clk 0:44:31]} Nc5 {[%clk 0:24:28]}
Bf5 {[%clk 0:38:12]} Nb3 {[%clk 0:22:04]} c5 {[%clk 0:35:21]} dxc5 {[%clk
0:17:19]} Bxb2 {[%clk 0:34:03]} Bc4 {[%clk 0:13:50]} Bxa1 {[%clk 0:31:35]} Qxa1
{[%clk 0:12:51]} Nf6 {[%clk 0:31:58]} Nd4 {[%clk 0:11:41]} Be4 {[%clk 0:32:16]}
Re1 {[%clk 0:11:04]} Bd5 {[%clk 0:30:59]} Bh6 {[%clk 0:09:51]} Ba8 {[%clk
0:17:53]} Bxf8 {[%clk 0:07:26]} Kxf8 {[%clk 0:18:16]} Nb3 {[%clk 0:06:44]} Rb4
{[%clk 0:16:13]} Qc3 {[%clk 0:06:32]} Ra4 {[%clk 0:16:38]} Nc1 {[%clk 0:05:34]}
Qc7 {[%clk 0:14:25]} Nd3 {[%clk 0:05:04]} Kg7 {[%clk 0:12:50]} Qb3 {[%clk
0:03:50]} Qd7 {[%clk 0:06:36]} Ne5 {[%clk 0:03:15]} Qd2 {[%clk 0:06:57]} Qe3
{[%clk 0:02:01]} Qb2 {[%clk 0:04:19]} f3 {[%clk 0:02:16]} Bd5 {[%clk 0:02:44]}
Bb3 {[%clk 0:01:53]} Ra3 {[%clk 0:00:39]} Nd3 {[%clk 0:01:24]} Qc3 {[%clk
0:01:03]} Rc1 {[%clk 0:01:27]} Qa5 {[%clk 0:01:09]} Bxd5 {[%clk 0:01:02]} Nxd5
{[%clk 0:01:33]} Qd4+ {[%clk 0:01:13]} Nf6 {[%clk 0:01:56]} Nf4 {[%clk 0:00:39]}
Rxa2 {[%clk 0:01:23]} c6 {[%clk 0:00:55]} Rc2 {[%clk 0:00:35]} Qe3 {[%clk
0:00:54]} Rxc1+ {[%clk 0:00:33]} Qxc1 {[%clk 0:01:20]} Ne8 {[%clk 0:00:38]} Nd3
{[%clk 0:12:23]} Nc7 {[%clk 0:14:12]} h3 {[%clk 0:12:11]} Ne6 {[%clk 0:09:43]}
Qc4 {[%clk 0:11:43]} Qb6+ {[%clk 0:06:29]} Kh1 {[%clk 0:11:33]} h5 {[%clk
0:05:09]} Nb4 {[%clk 0:09:50]} Qf2 {[%clk 0:04:19]} Nd5 {[%clk 0:07:23]} Nd4
{[%clk 0:00:58]} Nf4 {[%clk 0:02:08]} e5 {[%clk 0:00:33]} c7 {[%clk 0:01:43]}
exf4 {[%clk 0:00:37]} c8=Q {[%clk 0:01:01]} Qe1+ {[%clk 0:00:34]} Kh2 {[%clk
0:01:25]} Qg3+ {[%clk 0:00:34]} Kh1 {[%clk 0:01:48]} Qe1+ {[%clk 0:00:49]} Kh2
{[%clk 0:02:15]} Ne2 {[%clk 0:00:51]} Q8c5 {[%clk 0:01:35]} Qg3+ {[%clk
0:01:12]} Kh1 {[%clk 0:02:02]} Qe1+ {[%clk 0:01:35]} Kh2 {[%clk 0:02:28]}

[Variant "Standard"]
[Site "Europe Echecs"]

[Event "Open International Graz"]
[Date "2026.02.14"]
[White "Dotzer, Lukas"]
[Black "Arjun C Krishnamachari"]
[WhiteElo "2502"]
[BlackElo "2181"]
[Round "1.1.8"]
[Result "1-0"]

e4 {[%clk 1:30:57]} e6 {[%clk 1:29:37]} d4 {[%clk 1:31:23]} d5 {[%clk 1:30:02]}
e5 {[%clk 1:31:46]} c5 {[%clk 1:30:27]} c3 {[%clk 1:32:12]} Nc6 {[%clk 1:30:55]}
Nf3 {[%clk 1:32:35]} Bd7 {[%clk 1:31:13]} Be2 {[%clk 1:33:00]} Nge7 {[%clk
1:30:58]} Na3 {[%clk 1:28:46]} Nf5 {[%clk 1:27:57]} Nc2 {[%clk 1:29:13]} cxd4
{[%clk 1:28:07]} cxd4 {[%clk 1:29:38]} Be7 {[%clk 1:26:33]} g3 {[%clk 1:29:40]}
Rc8 {[%clk 1:25:01]} h4 {[%clk 1:21:54]} h5 {[%clk 1:24:51]} Kf1 {[%clk
1:11:48]} g6 {[%clk 1:22:52]} Kg2 {[%clk 1:08:31]} f6 {[%clk 1:19:28]} exf6
{[%clk 1:04:29]} Bxf6 {[%clk 1:19:50]} Bd3 {[%clk 0:58:15]} Qb6 {[%clk 1:15:09]}
Bxf5 {[%clk 0:50:11]} exf5 {[%clk 1:10:06]} Re1+ {[%clk 0:41:13]} Kf7 {[%clk
1:10:00]} Bg5 {[%clk 0:40:25]} Bg7 {[%clk 1:04:26]} Qd2 {[%clk 0:32:47]} Rhe8
{[%clk 1:04:20]} Bh6 {[%clk 0:30:04]} Bf6 {[%clk 1:03:45]} Bg5 {[%clk 0:30:05]}
Bg7 {[%clk 1:03:32]} Qf4 {[%clk 0:25:05]} Re4 {[%clk 0:40:04]} Qd6 {[%clk
0:24:41]} Be6 {[%clk 0:40:10]} Be3 {[%clk 0:15:31]} Bf6 {[%clk 0:39:32]} Nd2
{[%clk 0:13:35]} Rxe3 {[%clk 0:33:38]} Rxe3 {[%clk 0:05:51]} Nxd4 {[%clk
0:33:51]} Rxe6 {[%clk 0:05:55]} Qxd6 {[%clk 0:34:12]} Rxd6 {[%clk 0:06:24]} Rxc2
{[%clk 0:34:38]} Rd1 {[%clk 0:05:17]} Rxb2 {[%clk 0:33:33]} Rxd5 {[%clk
0:05:10]} Rxa2 {[%clk 0:29:46]} Rd7+ {[%clk 0:04:25]} Ke6 {[%clk 0:29:56]} Rxb7
{[%clk 0:04:46]} Nc2 {[%clk 0:21:00]} Nc4 {[%clk 0:01:57]} Bd4 {[%clk 0:21:23]}
Kf1 {[%clk 0:01:44]} a5 {[%clk 0:18:49]} Rd2 {[%clk 0:00:50]} a4 {[%clk
0:13:37]} Ke2 {[%clk 0:00:48]} Bc5 {[%clk 0:12:54]} Rb2 {[%clk 0:00:32]} Rxb2
{[%clk 0:10:04]} Nxb2 {[%clk 0:01:01]} Nd4+ {[%clk 0:10:33]} Kd3 {[%clk
0:00:33]} Nb3 {[%clk 0:08:21]} Nxa4 {[%clk 0:00:34]} Nxd2 {[%clk 0:08:44]} Nxc5+
{[%clk 0:00:45]} Kd5 {[%clk 0:08:14]} Kxd2 {[%clk 0:13:13]} Kxc5 {[%clk
0:23:38]} Ke3 {[%clk 0:13:37]} Kd5 {[%clk 0:24:02]} Kf4 {[%clk 0:13:57]} Ke6
{[%clk 0:24:19]} Kg5 {[%clk 0:14:23]} Kf7 {[%clk 0:24:46]} Kh6 {[%clk 0:14:41]}
f4 {[%clk 0:13:00]} gxf4 {[%clk 0:14:52]} Kf6 {[%clk 0:13:21]} f3 {[%clk
0:15:09]}

[Variant "Standard"]
[Site "Europe Echecs"]